| 000 | 00880nmm a2200277 a 4500 | ||
|---|---|---|---|
| 001 | ocm000702156 | ||
| 003 | TR-IsHL | ||
| 005 | 20201028124526.0 | ||
| 008 | 130902s2010 tu tur | ||
| 007 | cr cn | ||
| 035 |
_a702156 _b(N$T) |
||
| 050 | 0 | 4 |
_aPQ2226.A119 _bM66 2010 |
| 090 | 0 | 4 |
_aPQ2226.A119 _bM66 2010 |
| 100 | 1 | _aDumas, Alexandre | |
| 245 | 1 | 0 |
_aMonte Cristo kontu _h[electronic resource] / _cAlexandre Dumas ; ed. Derya Günay |
| 250 | _a1. bs. | ||
| 260 |
_aİstanbul : _bBirleşik Yayın Grubu, _c2010 |
||
| 300 | _a63 p. | ||
| 650 | 4 | _aDil ve Edebiyat | |
| 650 | 4 | _aLanguage and Literature | |
| 650 | 0 | _aFransız romanı | |
| 650 | 0 | _aFrench fiction | |
| 650 | 7 |
_aLITERARY COLLECTIONS / European / French _2bisacsh |
|
| 700 | 1 | _aGünay, Derya | |
| 856 | 4 | 0 | _uhttp://search.ebscohost.com/login.aspx?direct=true&scope=site&db=e011xww&AN=702156 |
| 999 |
_c2999 _d2999 |
||